|
|
|
|
| LEADER |
00000nab a2200000 a 4500 |
| 001 |
vtls000507282 |
| 003 |
SK-MaSNL |
| 005 |
20260426081255.0 |
| 008 |
250425c1994 xo 0 slo |
| 015 |
|
|
|a SNBRB19rr/mm-uuuuu
|
| 035 |
|
|
|a CL0507420
|
| 035 |
|
|
|a urn:nbn:sk:snk-ab9z0j
|
| 035 |
|
|
|a (urnnbn)urn:nbn:sk:snk:ar-a095o6
|
| 035 |
|
|
|a (uuid)0eed82e3-b551-4b9f-bf89-5b3f67993e56
|
| 040 |
|
|
|a SNKBUCL
|b slo
|c SNKBUCL
|e AACR2
|
| 041 |
0 |
|
|a slo
|
| 044 |
|
|
|a xo
|c SK
|
| 080 |
|
|
|a 581.526.35:502.4(437.6)
|2 1981
|
| 080 |
|
|
|a 502.4(437.6)
|2 1981
|
| 080 |
|
|
|a 581.9(437.6)
|2 1981
|
| 100 |
1 |
|
|a Cvachová, Alžbeta,
|d 1944-
|4 aut
|9 223805
|
| 245 |
1 |
0 |
|a Habáňovo - cenná lokalita slatinno-rašelinovej vegetácie
|c Alžbeta Cvachová, Richard Hrivnák
|
| 300 |
|
|
|b Fotogr. 2, obr. 1
|
| 650 |
0 |
7 |
|a vegetácia slatinno-rašelinová
|2 snkbucl
|9 1394264
|
| 650 |
0 |
7 |
|a Habáňovo
|2 snkbucl
|9 1394265
|
| 655 |
|
7 |
|a články z novín a časopisov
|2 snkbucl
|9 267496
|
| 700 |
1 |
|
|a Hrivnák, Richard,
|d 1969-
|4 aut
|9 189291
|
| 773 |
0 |
|
|t Chránené územia Slovenska
|g Č. 22 (1994), s. 64-66
|
| 850 |
|
|
|a Slovenská národná knižnica
|
| 852 |
|
|
|a Slovenská národná knižnica
|
| 954 |
|
|
|a odborná, vedecká literatúra pôvodná (slovenská)
|2 lita
|
| 958 |
|
|
|a article13
|
| 958 |
|
|
|a RK
|
| 958 |
|
|
|a OND
|
| 958 |
|
|
|a EUIPO
|
| 992 |
|
|
|a RBX
|
| 999 |
|
|
|c 2837439
|d 2839369
|